000 01787nam a2200457 i 4500
001 117423
003 FINmELB
005 20241217174901.0
006 m o u
007 cr cn|||||||||
008 210303s2015 sp a ob 000 0 spa d
020 _z9788478690282
035 _a(OCoLC)1241984663
040 _aFINmELB
_bspa
_erda
_cFINmELB
050 4 _aLB1139.23
_bV533 2015
080 _a159.922.72-053.3
082 0 4 _a372.21
_223
100 1 _aVidal Lucena, Margarita,
_eautor.
240 1 0 _aAtención temprana
245 1 0 _aAtención temprana :
_bguía práctica para la estimulación del niño de 0 a 3 años /
_cMargarita Vidal Lucena, Juan Díaz Curiel.
250 _aUndécima edición.
264 1 _aMadrid :
_bCiencias de la Educación Preescolar y Especial,
_c2015.
300 _a1 recurso en línea (207 páginas) :
_bilustración
336 _atexto
_btxt
_2rdacontent/spa
337 _acomputadora
_bc
_2rdamedia/spa
338 _arecurso en línea
_bcr
_2rdacarrier/spa
490 0 _aColección Infantil y primaria ;
_v10
504 _aBibliografía: páginas 205-207.
588 _aDescripción basada en metadatos suministrados por el editor y otras fuentes.
590 _aRecurso electrónico. Santa Fe, Arg.: elibro, 2021. Disponible vía World Wide Web. El acceso puede estar limitado para las bibliotecas afiliadas a elibro.
650 4 _aActividades de estimulación (Primera infancia)
650 0 _aChild development.
650 0 _aSensory stimulation.
655 4 _aLibros electrónicos.
700 1 _aDíaz Curiel, Juan.
797 2 _aelibro, Corp.
856 4 0 _uhttps://elibro.net/ereader/politecnicointernacional/153520
999 _c117423
_d117423